Flags of All Communist Countries - Statistics

General Stats
  • This quiz has been taken 153 times
    146 since last reset
  • The average score is 35 of 52
Answer Stats
Picture Hint Answer % Correct
1922-91 Union of Soviet Socialist Republics
99%
1919-91 Belarus
88%
1945-92 Socialist Federal Republic of Yugoslavia
84%
1944-92 Albania
81%
1949- China
80%
1948-90 Czech Republic (part of Czechoslovakia)
80%
1959- Cuba
79%
1948- North Korea
79%
1945/47-89 Poland
79%
1945-76 / 1976- Vietnam (first north)
79%
1949-90 Germany (East)
78%
1947/49-89 Hungary
78%
1945/47-89 Romania
78%
1946-90 Bulgaria
76%
1975- Laos
76%
1921/24-92 Mongolia
76%
1919-91 Ukraine
76%
1945-92 Serbia
75%
1975-92 Angola
73%
1917-91 Russia
73%
1969-91 Somalia
73%
1975-89 Cambodia
71%
1979-90 Nicaragua
71%
1967-90 Yemen (South)
71%
1945-91 Croatia
69%
1940-91 Estonia
69%
1940-91 Latvia
69%
1979-83 Grenada
67%
1978-92 Afghanistan
66%
1940-91 Lithuania
66%
1945-92 Bosnia and Herzegovina
65%
1940-91 Moldova
65%
1945-92 Montenegro
65%
1945-91 Slovenia
64%
1921-91 Georgia
62%
1920-91 Armenia
61%
1920-91 Azerbaijan
61%
1917-91 Tajikistan
61%
1917-91 Kazakhstan
60%
1975-90 Mozambique
60%
1917-91 Uzbekistan
59%
1917-91 Kyrgyzstan
56%
1945-91 North Macedonia
56%
1917-91 Turkmenistan
56%
1945-92 Kosovo (autonomous part of Serbia)
54%
1974-91 Ethiopia
53%
1948-90 Slovakia (part of Czechoslovakia)
53%
1969-92 Congo (Brazzaville)
46%
1975-90 Benin
45%
1973-91 Guinea-Bissau
44%
1974-91 Eritrea (part of Ethiopia)
38%
1975-90 Cape Verde
27%
No matching quizzes found
Score Distribution
Percent of People with Each Score
Percentile by Number Answered
Your Score History
You have not taken this quiz since the last reset